000 00937cam a2200301Ia 4500
001 5499380
003 ARRUPE
005 20160307085717.0
008 051219s2005 miu b 001 0 eng d
020 _a0802825516
024 3 _a9780802825513
035 _a(OCoLC)ocm62254822
035 _a(NNC)5499380
040 _aTEF
_cTEF
_dBAKER
050 0 4 _aBX2705.3 .F785
082 0 4 _a227/.606
_222
100 1 _aFowl, Stephen E.
_922721
245 1 0 _aPhilippians /
_cStephen E. Fowl.
260 _aGrand Rapids, Mich. :
_bW.B. Eerdmans Pub. Co.,
_cc2005.
300 _ax, 254 p. ;
_c24 cm.
490 1 _aThe two horizons New Testament commentary
504 _aIncludes bibliographical references (p. 236-243) and indexes.
630 0 0 _aBible.N.T
_pPhilippians
_vCommentaries.
_911835
830 0 _aTwo horizons New Testament commentary.
_922722
942 _2lcc
_cMONOGRAPH
948 1 _a20060130
_bc
_cdc21
_dMPS
999 _c124302
_d124302